MARC

LEADER 00000ny a22000003n 4500
005 20110513101519.0
007 t|
008 091221s us 000 eng d
022 |a 0511-4187 
035 |a 4254 
040 |a DLC  |c MnMULS  |d vLex 
050 0 0 |a J80  |b .A284 
050 0 0 |a KF5051.A6  |b U55 
050 0 0 |a KF5051.A6  |b U55 
090 |c 1830  |d 1830 
245 3 0 |a Weekly compilation of Presidential documents  |h [Recurso electrn̤ico] 
246 3 0 |a Presidential documents 
256 |a Servicio en ln̕ea 
260 |a Washington, D.C. :  |b National Archives and Records Administration, U.S. Office of the Federal Register 
310 |a Semanal 
500 |a Latest issue consulted: vol. 33, no. 27 (July 7, 1997) 
500 |a Titulo de la cubierta 
505 |a Vols. for Aug. 2, 1965-19 published by: the Office of the Federal Register, National Archives and Records Service, General Services Administration; Sept. 16, 1985-Jan. 12, 2009 by: Office of the Federal Register, National Archives and Records Administration. 
506 1 |a Contenido solo disponible en los productos indicados  |d vLex Global  |d vLex Global (Academic Edition, excluding Law Schools)  |d vLex Global (U.S. Academic Edition, excluding Law Schools) 
580 |a Cumulated by: United States. President. Public papers of the presidents of the United States 
650 0 4 |a Publicaciones oficiales  |z Estados Unidos  |x Publicaciones perid̤icas 
650 0 4 |a Government 
650 0 4 |a  Citizenship & Politics 
650 0 4 |a Social Sciences & Education 
651 4 |a Estados Unidos  |x Polt̕ica y gobierno  |x Publicaciones perid̤icas 
710 1 |a Estados Unidos.  |b National Archives and Records Administration 
710 1 |a Estados Unidos.  |b Office of the Federal Register 
740 0 |a vLex Revista (Servicios en ln̕ea) 
843 |a Electrn̤ica. Abierta 
853 |8 1  |i (year)  |j (month)  |k (day) 
856 4 0 |u http://vlex.com/source/4254  |z Acceso restringido 
942 |c REV 
999 0 |a Government publications  |v Bibliography. 
999 0 |a Government publications  |v Indexes. 
999 0 |a United States  |v Periodicals. 
999 0 |a États-Unis  |y 1945-1989  |v Přiodiques. 
999 0 |a États-Unis  |y 1989-1993  |v Přiodiques. 
999 0 |a États-Unis 
999 0 |a 1950-1999 
999 0 |a Discours politique 
999 0 |a Politique gouvernementale 
999 0 |a Pršident (Chef d'État) 
999 0 |a Documenten. 
999 0 |a Presidenten.